Actualización del programa de análisis estructural CAL-91
Na minha lista:
| Autor principal: | |
|---|---|
| Formato: | Livro |
| Publicado em: |
San José, C.R.
1999
|
| Assuntos: | |
| Tags: |
Adicionar Tag
Sem tags, seja o primeiro a adicionar uma tag!
|
MARC
| LEADER | 00000nam a2200000Ia 4500 | ||
|---|---|---|---|
| 003 | 008452 | ||
| 005 | 20221231144212.0 | ||
| 008 | 140114s1999 cr a m 000 ||s d | ||
| 040 | |c cru CEDI | ||
| 090 | |a TFG 4075 | ||
| 100 | |a Sequeira Dittel, Gustavo Adolfo |9 8405 | ||
| 245 | |a Actualización del programa de análisis estructural CAL-91 | ||
| 260 | |c 1999 |a San José, C.R. | ||
| 300 | |a 148 hojas : ilustraciones + 1 disco compacto | ||
| 500 | |a Tesis (licenciatura en ingeniería civil)--Universidad de Costa Rica. Facultad de Ingeniería. Escuela de Ingeniería Civil | ||
| 650 | |x ANALISIS ESTRUCTURAL (INGENIERIA) |x PROGRAMAS PARA COMPUTADORA |x DISEÑO DE ESTRUCTURAS |x OSCILACIONES |9 8406 | ||
| 942 | |c TFG | ||
| 999 | |c 18375 |d 18375 | ||
